| 000 | 00610nam a2200205 a 4500 | ||
|---|---|---|---|
| 005 | 20240806063919.0 | ||
| 008 | 060119s2001 mx r 000 0 spa d | ||
| 020 | _a9681104668 | ||
| 035 | _aUPN01000141623 | ||
| 049 | _aCG | ||
| 050 | 4 |
_aPQ7297 P4.2 _bM3.7 |
|
| 100 | 1 |
_aPoniatowska, Elena, _d1933- |
|
| 245 | 1 | 0 |
_aMariana Yampolsky y la buganvillia / _cElena Poniatowska. |
| 260 |
_aMéxico : _bPlaza & Janés, _c2001. |
||
| 300 |
_a119 p. : _bil. |
||
| 650 | 4 |
_aLiteratura mexicana _94466 |
|
| 600 | 1 | 4 |
_aYAMPOLSKY, MARIANA, _d1925-2002 _92292 |
| 650 | 4 |
_aFOTOGRAFOS - _vBIOGRAFIA _922493 |
|
| 905 | _aLibro | ||
| 999 |
_c113770 _d113770 |
||